000
00368nam a2200133Ia 4500
008
151001s9999||||xx |||||||||||||| ||und||
100
_a
वा शि आपटे
245
_a
ही प्रीत जगावेगळी
250
_a
1
260
_b
श्रीराम प्रकाशन पुणे
260
_c
1975
300
_a
162
365
_b
19
999
_c
959074
_d
959071